Skyrim quiz pozdro - Statystyki

Ogólne statystyki
  • Ten quiz został rozwiązany 245 razy
  • Średni wynik to 7 z 11
Statystyki odpowiedzi
PYTANIE ODPOWIEDZ % Poprawnych
W jakim miescie jarlem jest Ulfric ? Wichrowy tron
89%
w jakim miescie znajduje sie wyszczerbiona bania? Pęknina
85%
jak sie nazywa general legionu cesarskiego? Tulius
82%
niedaleko jakiego miasta znajduje sie siedziba Mrocznego Bractwa? Falkret
80%
w jakiego boga zakazano wiary ? Talosa
69%
jak nazywal sie huskarl od jarla bialej grani? Lydia
62%
jaka wies lezy miedzy Biala Grania a Markartem ? Rorikstead
56%
jak nazywa sie pierwsza stolica skyrim? Zimowa Twierdza
47%
jak mial na imie jarl Bialej Grani zanim przejeli ja gromowladni? Balgruuf
45%
jakiego pochodzenia byla uciekinierka z Hamerfell ( poszukiwali jej Ali'cy )? Redgardka
38%
jak sie nazywa zarzadca siwobrodych? Paarthurnax
32%
Nie znaleziono quizów pasujących do podanych kryteriów
Rozkład punktacji
Procent ludzi z każdym wynikiem
Percentyl według liczby udzielonych odpowiedzi
Twoja historia wyników
Nie rozwiązałeś tego quizu